Πατριωτικά και ηθικά

Αποθηκεύτηκε σε:
Λεπτομέρειες βιβλιογραφικής εγγραφής
Κύριος συγγραφέας: Σκούφος, Φραγκίσκος
Άλλοι συγγραφείς: Καιροφύλας, Κώστας, 1877-1961 (Συγγραφέας εισαγωγής κ.λπ.)
Μορφή: Βιβλίο
Γλώσσα:Greek
Δημοσίευση: Εν Αθήναις : Σιδέρης, Ι.Ν., 1940
Σειρά:Σύλλογος προς Διάδοσιν Ωφελίμων Βιβλίων ; ; 75
Θέματα:
Ετικέτες: Προσθήκη ετικέτας
Δεν υπάρχουν, Καταχωρήστε ετικέτα πρώτοι!

MARC

LEADER 00000cam a2200000 i 4500
001 1/93708
008 080912s1940 gre d
035 |l 10100087 
040 |a GR-MY-UA  |b gre  |e aacr 
041 0 |a gre 
082 0 |a 889.332  |2 (22) 
100 0 |a Σκούφος, Φραγκίσκος. 
245 1 0 |a Πατριωτικά και ηθικά /  |c Φραγκίσκου Σκούφου ; πρόλογος και σημειώματα Κώστα Καιροφύλα 
260 |a Εν Αθήναις :   |b Σιδέρης, Ι.Ν.,   |c 1940 
300 |a 212 σ.;  |c 19 εκ. 
490 1 |a Σύλλογος προς διάδοσιν ωφελίμων βιβλίων  |v ; 75 
650 0 0 |a Ethics  |z Greece. 
650 0 0 |a Ethics  |x Philosophy. 
650 0 0 |a Religion and ethics. 
650 0 0 |a Greek literature, Modern  |y 20th century. 
650 0 0 |a Short stories, Greek (Modern) 
650 0 0 |a Greek fiction, Modern  |y 20th century. 
700 1 |4 aui  |a Καιροφύλας, Κώστας,   |d 1877-1961. 
830 0 |a Σύλλογος προς Διάδοσιν Ωφελίμων Βιβλίων ;  |v ; 75 
852 |a INST  |b RHODES  |c AKA  |e 20080912  |h  889.332 ΣΚΟ  |p 005400028261  |q 005400028261  |t BK  |y 0 
901 |a BIBL4-2008-3 
909 |a Ρ  |b 152946 
970 |a ΧΑΡΙΟΠΟΛΙΤΟΥ  |b ΚΩΝΣΤΑΝΤΙΝΑ  |z 2008/09/12